000 00888nam a2200265 i 4500
001 bgj
100 1 _aFEENEY, Stephanie
245 1 0 _aWho am I in the lives of children ? :
_ban introduction to teaching young children /
_cStephanie Fenney ; Doris Christensen ; Eva Moravcik.
250 _a3rd ed.
260 _aColumbus [etc.] :
_bMerrill Publishing Company,
_cc. 1987.
300 _aXXII, 424 pp :
_bill. ;
_c24 cm.
504 _aBibliography p. 393-412.
505 _aIncludes index.
650 9 _aEducation, |Preschool
_zUnited States
650 9 _aPreschool teaching
_zUnited States
650 9 _aChild development
_zUnited States
700 1 _aCHRISTENSEN, Doris.
_eco-author
700 1 _aMORAVCIK, Eva.
_eco-author
020 _a06752056700
040 _cBPK
041 0 _aeng
920 _a0-675-205670-0
942 _cKS
008 s uk f |000 0 eng
999 _c47622
_d47622
856 _uhttp://koha.tu.koszalin.pl/cgi-bin/koha/opac-detail.pl?biblionumber=47622
_yKatalog online BPK